| 000 | 00382nam a2200133 a 4500 | ||
|---|---|---|---|
| 005 | 20140414131915.0 | ||
| 008 | 100915s19uu xx 00 eng d | ||
| 050 |
_aFIC _bP91 2004 |
||
| 100 | _aPreller, James | ||
| 245 |
_aThe case of the missing falcon : _bSuper special book 3. |
||
| 260 |
_aNew York : _bScholastic , _c2004. |
||
| 440 | _aA Jigsaw Jones Mystery | ||
| 999 |
_c111416 _d111416 |
||